|
|
|
|
| LEADER |
00000nam0a2200000 4500 |
| 001 |
681409 |
| 005 |
20250930132310.0 |
| 010 |
|
|
|a 978-5-699-68146-4
|
| 090 |
|
|
|a 681409
|
| 100 |
|
|
|a 20250827d2017 m||y0rusy50 ca
|
| 101 |
1 |
|
|a rus
|c eng
|
| 102 |
|
|
|a RU
|
| 105 |
|
|
|a y z 000ay
|
| 181 |
|
0 |
|a i
|b e
|
| 182 |
|
0 |
|a n
|
| 183 |
|
0 |
|a nc
|2 RDAcarrier
|
| 200 |
1 |
|
|a Над пропастью во ржи
|d The Catcher in the Rye
|e [роман]
|f Дж. Д. Сэлинджер
|g пер. с англ. Р. Я. Райт-Ковалевой
|z eng
|
| 203 |
|
|
|a Текст
|b визуальный
|c непосредственный
|
| 210 |
|
|
|a Москва
|c Э
|d 2017
|
| 215 |
|
|
|a 224 с.
|
| 283 |
|
|
|a volume
|2 RDAcarrier
|
| 330 |
|
|
|a Единственный роман Сэлинджера «Над пропастью во ржи» вышел в 1951 году и сразу завоевал популярность среди страшеклассников и студентов. Дзэн-буддизм и нонконформизм в произведениях Сэлинджера вдохновили на переосмысление жизни и поиск идеалов не одно поколение.
|
| 606 |
|
|
|a Американская литература (англо-язычная литература)
|9 52349
|
| 610 |
1 |
|
|a художественная литература
|
| 610 |
1 |
|
|a романы
|
| 610 |
1 |
|
|a проза
|
| 610 |
1 |
|
|a классика
|
| 675 |
|
|
|a 82
|v 4
|
| 700 |
|
1 |
|a Сэлинджер
|b Дж. Д.
|c американский писатель
|f 1919-2010
|g Джером Дэвид
|9 9097
|
| 702 |
|
1 |
|4 730
|a Райт-Ковалева
|b Р. Я.
|
| 801 |
|
0 |
|a RU
|b 63413507
|c 20250901
|
| 942 |
|
|
|c BK
|